00519cam a22001457a 4500008004000000020001800040082001400058100002000072245009900092260002500191300001000216650004900226650004900275650004900324180718b2017 xxu||||| |||| 00| 0 eng d a9780199461141 aDx59 Ac44 aAcharya, Amitav aEast of India , South of China : Sino - Indian encounters in Southeast Asiacby Amitav Acharya aNew DelhibOUPc2017 a235p. aChina -- Foreign relations -- Southeast Asia aSoutheast Asia -- Foreign relations -- China aSoutheast Asia -- Foreign relations -- India